00237nam a22000977a 4500008004100000082001500041100002200056245004400078260000900122300000800131230621b xxu||||| |||| 00| 0 eng d a328.1bWIS cMadison Wisconsin aWisconsin AssemblybManual on Committee c1993 a49p